| 000 | nam a22 7a 4500 | ||
|---|---|---|---|
| 999 |
_c127260 _d127260 |
||
| 008 | 171123b xxu||||| |||| 00| 0 eng d | ||
| 050 | _aBC-200-1 | ||
| 100 |
_aNolt, John _937720 |
||
| 245 |
_aSchaum's logic _boutline of theory and problems of logic _cJohn Nolt, Dennis Rohatyn and Achille Varzi |
||
| 260 |
_aNew York _bMcGraw-Hill _c2006 |
||
| 300 |
_a150p. ; _c21cm. |
||
| 942 |
_2lcc _cMONOGRAPH |
||